Aféra rozumu

Bibliographic Details
Main Author: Bodnárová, Jana, 1950- (Author)
Format: Book
Language:Slovak
PhysicalDescription:160 s. 17 cm
Published: Bratislava Smena 1990
ISBN:8022100625
Edition:1. vyd.
Series:Mladá tvorba zv. 219
Subjects:

MARC

LEADER 00000cam a2200000 a 4500
001 vtls001063005
003 SK-MaSNL
005 20260301061812.0
008 250414s1990 xo 0000j slo
015 |a SNBA1990/12 
020 |a 8022100625 
035 |a SNK000005833 
040 |a SNK  |b slo  |c SNK  |e AACR2 
041 0 |a slo 
044 |a xo  |c SK 
080 |a 885.4-3  |2 1981 
100 1 |a Bodnárová, Jana,  |d 1950-  |4 aut  |9 85509 
245 1 0 |a Aféra rozumu  |c Jana Bodnárová 
250 |a 1. vyd. 
260 |a Bratislava  |b Smena  |c 1990  |e Bratislava  |f Pravda 
300 |a 160 s.  |c 17 cm 
366 |e 1500 výtl. 
490 0 |a Mladá tvorba  |v zv. 219 
655 7 |a slovenské poviedky  |2 SNKPH  |9 70226 
700 1 |a Csudai, Ivan,  |d 1959-  |4 bkd  |9 120385 
700 1 |a Junek, Dušan,  |d 1943-  |4 bkd  |9 212329 
852 |a Slovenská národná knižnica 
919 |a 80-221-0062-5 
958 |a LX 
958 |a TL 
958 |a OND 
999 |c 618355  |d 620285 
952 |t P60, <04>, [BOOK], {604}  |a SNK  |b SNK  |y VYP  |7 0  |p 17A0093141  |o snkSD 62645 D1  |0 0  |1 0  |4 0  |d 1997-09-11  |l 0  |r 2004-12-31 00:00:00  |w 2026-02-23